00859nam a2200229 a 450000100100000000500170001000800410002702000150006804000250008308200210010810000370012924000320016624500810019824600320027925000110031126000270032230000340034950000760038370000340045995201190049399900170061200004147320201002034924.0131007s1976 sp ac 000 0 spa d a847408007X aDO-SdBNPbspacBNPHU axxxbS847n, 19761 aStevenson, Williamd1925-96816010a90 minutes at Entebbe.leng10a90 minutos en entebbe /cWilliam Stevenson ; traducido por Marcelo Covián.10aNoventa minutos en Entebbe. a2a ed. aMadridaCosmos,c1976. a328 p.ail., retrs. ;c21 cm. aIncluye datos biográicos del autor en la solapa de la contracubierta.12aCovián, Marceloetr.932353 001050718MOaGRbGRcCTd2013-10-07iLF1l0oxxx S847n, 1976p41473-10r2020-06-25w2020-06-25y1ZNo se presta c40963d40963